000 00581nam a2200241Ia 4500
003 OSt
005 20221005113656.0
006 a|||||r|||| 00| 0
007 ta
008 221004b |||||||| |||| 00| 0 guj d
024 _a40920
037 _cTextual
040 _aCRL
_cCRL
_bguj
041 _2guj
_aguj
082 _aO156:g, L5
100 _aPatel C.N. Au.
_9624739
245 0 _aAbhikrama
260 _c1975
300 _a263p.
_ccm.
650 _aGUJRATI LITERATURE
942 _hO156:g, L5
_cTEXL
_2cc
999 _c1028900
_d1028900